[Event "17. Sparkassen Open 2018 - Gruppe A"]
[Site "Forchheim"]
[Date "2018.09.21"]
[Round "1.28"]
[White "Tschernatsch, Johannes"]
[Black "Schreiter, Thomas"]
[Result "1-0"]
[WhiteElo "1801"]
[BlackElo "2022"]
[PlyCount "87"]
[EventDate "2018.??.??"]
[WhiteTeam "USV Potsdam"]
[BlackTeam "SG Leipzig"]

1. e4 e6 2. d4 d5 3. Nd2 c5 4. Ngf3 cxd4 5. Nxd4 dxe4 6. Nxe4 a6 7. Be3 Nf6 8.
Bd3 Nbd7 9. O-O Be7 10. c3 Nd5 11. Qg4 N7f6 12. Qxg7 Rg8 13. Qh6 Bf8 14. Nxf6+
Nxf6 15. Qf4 Rg4 16. Qf3 e5 17. Rfe1 Be7 18. Bd2 exd4 19. Qxf6 Be6 20. Qh8+ Kd7
21. Qxd8+ Rxd8 22. f3 Rh4 23. g3 Rh5 24. Be4 Bc5 25. Kg2 Kc8 26. g4 dxc3 27.
Bf4 Rg8 28. Bg3 Rh6 29. Rac1 Bd4 30. bxc3 Bc5 31. c4 Bd7 32. Bd5 Rf8 33. Rb1 b6
34. h4 Rg6 35. h5 Rg7 36. Bf4 Re8 37. Bh6 Rgg8 38. Bxf7 Rxe1 39. Rxe1 Rd8 40.
g5 Bf5 41. g6 hxg6 42. hxg6 Bxg6 43. Bxg6 Rg8 44. Re8+ 1-0